[Event "CFriend SL-2004-0-00016 email"]
[Site "Chessfriend.com"]
[Date "2004.02.13"]
[Round "?"]
[White "Cattermole, John"]
[Black "Mettler, Horst"]
[Result "1-0"]
[WhiteElo "1428"]
[BlackElo "1470"]
[PlyCount "31"]
[EventDate "2004.??.??"]
[EventType "tourn (corr)"]
[EventRounds "11"]
[SourceTitle "Corr 2008"]
[Source "ChessBase"]
[SourceDate "2008.06.24"]
[SourceVersion "1"]
[SourceVersionDate "2008.06.24"]
[SourceQuality "1"]

1. e4 e5 2. Nf3 Nc6 3. Bc4 Nf6 4. d3 Bc5 5. Bg5 h6 6. Bxf6 Qxf6 7. Nc3 Bb4 8. 0-0 Bxc3 9. bxc3 0-0 10. a3 d6 11. d4 Bg4 12. d5 Bxf3 13. Qxf3 Qxf3 14. gxf3 Na5 15. Ba2 f5 16. Rad1 1-0

[Event "CFriend SL-2004-0-00016 email"]
[Site "Chessfriend.com"]
[Date "2004.02.13"]
[Round "?"]
[White "Dudley, Bruce"]
[Black "Mettler, Horst"]
[Result "1-0"]
[WhiteElo "1432"]
[BlackElo "1470"]
[PlyCount "35"]
[EventDate "2004.??.??"]
[EventType "tourn (corr)"]
[EventRounds "11"]
[SourceTitle "Corr 2008"]
[Source "ChessBase"]
[SourceDate "2008.06.24"]
[SourceVersion "1"]
[SourceVersionDate "2008.06.24"]
[SourceQuality "1"]

1. e4 e5 2. Nf3 Nc6 3. Bb5 a6 4. Ba4 Nf6 5. d3 d6 6. c3 Bd7 7. h3 Be7 8. 0-0 0-0 9. Nbd2 b5 10. Bb3 Na5 11. Bc2 c5 12. Re1 Nc6 13. Nf1 Be6 14. Ne3 a5 15. d4 exd4 16. cxd4 cxd4 17. Nxd4 Nxd4 18. Qxd4 1-0

[Event "CFriend AP-2004-Q-00001 email"]
[Site "Chessfriend.com"]
[Date "2004.02.04"]
[Round "?"]
[White "Benko, Bostjan"]
[Black "Mettler, Horst"]
[Result "1-0"]
[WhiteElo "2245"]
[BlackElo "1470"]
[PlyCount "53"]
[EventDate "2004.??.??"]
[EventType "tourn (corr)"]
[EventRounds "12"]
[SourceTitle "Corr 2008"]
[Source "ChessBase"]
[SourceDate "2008.06.24"]
[SourceVersion "1"]
[SourceVersionDate "2008.06.24"]
[SourceQuality "1"]

1. e4 e5 2. Bc4 Nf6 3. d3 Nc6 4. Nf3 Bc5 5. Nc3 0-0 6. Bg5 h6 7. Bh4 Be7 8. 0-0 d6 9. h3 Na5 10. Re1 c6 11. Bb3 Nh5 12. Bxe7 Qxe7 13. d4 b6 14. Ne2 Ba6 15. c3 Bxe2 16. Qxe2 Nf4 17. Qe3 Nxb3 18. axb3 c5 19. b4 cxd4 20. cxd4 Rfc8 21. Rec1 Qf6 22. Kf1 Rxc1+ 23. Rxc1 exd4 24. Nxd4 Qe5 25. g3 Nh5 26. Qd3 Re8 27. Nf5 1-0

[Event "CFriend AP-2004-Q-00001 email"]
[Site "Chessfriend.com"]
[Date "2004.02.04"]
[Round "?"]
[White "Mettler, Horst"]
[Black "Davila, Oscar Alfredo"]
[Result "0-1"]
[WhiteElo "1470"]
[BlackElo "2033"]
[PlyCount "36"]
[EventDate "2004.??.??"]
[EventType "tourn (corr)"]
[EventRounds "12"]
[SourceTitle "Corr 2008"]
[Source "ChessBase"]
[SourceDate "2008.06.24"]
[SourceVersion "1"]
[SourceVersionDate "2008.06.24"]
[SourceQuality "1"]

1. d4 Nf6 2. c4 g6 3. Nc3 d5 4. cxd5 Nxd5 5. e4 Nxc3 6. bxc3 Bg7 7. Nf3 c5 8. Rb1 0-0 9. Be2 cxd4 10. cxd4 Qa5+ 11. Qd2 Qxd2+ 12. Bxd2 b6 13. 0-0 e6 14. Bb5 Bb7 15. Rfe1 Rc8 16. Rbc1 Rxc1 17. Rxc1 Na6 18. Be3 Bf8 0-1

[Event "IECG QE.2003.0.00061"]
[Site "IECG email"]
[Date "2003.12.17"]
[Round "?"]
[White "Howes, Tony"]
[Black "Mettler, Horst"]
[Result "1-0"]
[WhiteElo "1376"]
[BlackElo "1200"]
[PlyCount "37"]
[EventDate "2003.12.17"]
[EventType "tourn (corr)"]
[EventRounds "6"]
[SourceTitle "Corr 2008"]
[Source "ChessBase"]
[SourceDate "2008.06.24"]
[SourceVersion "1"]
[SourceVersionDate "2008.06.24"]
[SourceQuality "1"]

1. Nf3 d5 2. c4 d4 3. b4 g6 4. Bb2 Bg7 5. g3 e5 6. d3 Ne7 7. Bg2 0-0 8. Qb3 c5 9. a3 a5 10. 0-0 axb4 11. axb4 Rxa1 12. Bxa1 cxb4 13. Qxb4 Na6 14. Qb2 Qc7 15. Nfd2 b6 16. Na3 Bb7 17. Rb1 Bxg2 18. Kxg2 Rb8 19. Nb5 1-0

[Event "IECG RL.2003.0.00017 email"]
[Site "IECG email"]
[Date "2003.12.06"]
[Round "?"]
[White "Mettler, Horst"]
[Black "Clews, Bill"]
[Result "1/2-1/2"]
[WhiteElo "1200"]
[BlackElo "1392"]
[PlyCount "81"]
[EventDate "2003.12.06"]
[EventType "tourn (corr)"]
[EventRounds "6"]
[SourceTitle "Corr 2024"]
[Source "ChessBase"]
[SourceDate "2023.10.19"]
[SourceVersion "1"]
[SourceVersionDate "2023.10.19"]
[SourceQuality "1"]

1. c4 e6 2. g3 d5 3. Bg2 Nf6 4. Nf3 Nbd7 5. cxd5 exd5 6. 0-0 c6 7. Nc3 Bd6 8. d4 0-0 9. Nd2 Re8 10. e4 dxe4 11. Ndxe4 Bc7 12. Re1 h6 13. d5 cxd5 14. Nxd5 Nxd5 15. Qxd5 Nb6 16. Qxd8 Rxd8 17. Nc5 Nd5 18. Rd1 Nb6 19. Rxd8+ Bxd8 20. Nxb7 Bxb7 21. Bxb7 Rb8 22. Bc6 Rc8 23. Be4 Bf6 24. Rb1 Na4 25. Bf5 Rb8 26. b3 Nc3 27. Rb2 Rb5 28. Bh3 Ra5 29. a4 Nxa4 30. Ra2 Rd5 31. Bf1 Nc5 32. b4 Nd3 33. Bd2 Rd7 34. b5 Ne5 35. Be2 Bd8 36. Be3 Bb6 37. Bxb6 axb6 38. f4 Nd3 39. Ra6 Rd6 40. Bxd3 Rxd3 41. Rxb6 1/2-1/2

[Event "IECG CE.2003.0.00063 email"]
[Site "IECG email"]
[Date "2003.11.30"]
[Round "?"]
[White "Peled, Shai"]
[Black "Mettler, Horst"]
[Result "0-1"]
[WhiteElo "1230"]
[BlackElo "1200"]
[PlyCount "30"]
[EventDate "2003.11.30"]
[EventType "tourn (corr)"]
[EventRounds "6"]
[SourceTitle "Corr 2008"]
[Source "ChessBase"]
[SourceDate "2008.06.24"]
[SourceVersion "1"]
[SourceVersionDate "2008.06.24"]
[SourceQuality "1"]

1. e4 e5 2. Nf3 Nc6 3. Bb5 Nf6 4. 0-0 Bc5 5. Nxe5 Nd4 6. Bc4 Nxe4 7. Nxf7 Qh4 8. Nxh8 d5 9. Be2 Nxe2+ 10. Qxe2 Bg4 11. Qb5+ c6 12. Qxc5 Nxc5 13. b4 Ne6 14. Nc3 Bf3 15. gxf3 Nf4 0-1

[Event "IECG QE.2003.0.00057"]
[Site "IECG email"]
[Date "2003.11.22"]
[Round "?"]
[White "Towkan, Carlos"]
[Black "Mettler, Horst"]
[Result "0-1"]
[WhiteElo "1299"]
[BlackElo "1200"]
[PlyCount "26"]
[EventDate "2003.11.22"]
[EventType "tourn (corr)"]
[EventRounds "6"]
[SourceTitle "Corr 2024"]
[Source "ChessBase"]
[SourceDate "2023.10.19"]
[SourceVersion "1"]
[SourceVersionDate "2023.10.19"]
[SourceQuality "1"]

1. e4 e5 2. Nf3 Nf6 3. d4 Nxe4 4. Bd3 d5 5. Nxe5 Nd7 6. Nxd7 Bxd7 7. 0-0 Bd6 8. c4 c6 9. cxd5 cxd5 10. Qh5 0-0 11. Qxd5 Bc6 12. Qh5 g6 13. Qh3 Re8 0-1

[Event "IECG CE.2003.0.00062 email"]
[Site "IECG email"]
[Date "2003.11.12"]
[Round "?"]
[White "Mettler, Horst"]
[Black "Wight, David"]
[Result "1/2-1/2"]
[WhiteElo "1200"]
[BlackElo "1290"]
[PlyCount "53"]
[EventDate "2003.11.12"]
[EventType "tourn (corr)"]
[EventRounds "6"]
[SourceTitle "Corr 2008"]
[Source "ChessBase"]
[SourceDate "2008.06.24"]
[SourceVersion "1"]
[SourceVersionDate "2008.06.24"]
[SourceQuality "1"]

1. Nf3 d5 2. d4 c6 3. c4 Nf6 4. Nc3 dxc4 5. a4 Bf5 6. e3 e6 7. Bxc4 Bb4 8. Qb3 a5 9. 0-0 0-0 10. Na2 c5 11. Nxb4 cxb4 12. Bd2 Nc6 13. Rfd1 Be4 14. Ne1 Bd5 15. Bxd5 exd5 16. Nd3 Rc8 17. f3 Nd7 18. Qxd5 Qc7 19. Rac1 Rfd8 20. Nf4 Qb6 21. Be1 Nf6 22. Qc5 Qxc5 23. Rxc5 h6 24. e4 g5 25. Ne2 Nd7 26. Rd5 Nb6 27. Rxd8+ 1/2-1/2